Collegium musicum: Žijeme, tak si opäť zahráme legendárna skupina znovu funguje a v novej zostave ...

Bibliographic Details
Main Author: Rehák, Oliver, 1973- (Author)
Format: Article
Language:Slovak
PhysicalDescription:Fotogr.
ISSN:1335-440X
Subjects:

MARC

LEADER 00000nab a2200000 a 4500
001 vtls009506302
003 SK-MaSNL
005 20260303060935.0
008 140512c20090326xo dr|n|||||||000 b|slo
015 |a SNBRB2009/05  |2 snkbucl 
040 |a SNKBUCL  |b slo  |c SNKBUCL  |e AACR2 
041 0 |a slo 
044 |a xo  |c SK 
080 |a 78.071.32:784.66  |2 2001 
080 |a 784.66  |2 2001 
100 1 |a Rehák, Oliver,  |d 1973-  |4 aut  |9 104655 
245 1 0 |a Collegium musicum: Žijeme, tak si opäť zahráme  |b legendárna skupina znovu funguje a v novej zostave ...  |c Oliver Rehák 
300 |b Fotogr. 
610 2 7 |a Collegium Musicum (hudobná skupina)  |2 snkbucl  |9 55324 
655 7 |a profily  |2 snkbucl  |9 341977 
773 0 |t Sme  |g Roč. 17, č. 71 (26.3.2009)  |x 1335-440X 
773 0 8 |t Kultúra  |g S. [17] 
852 |a SNK  |b KIS3GCP 
958 |a SK 
999 |c 1733539  |d 1735469